| 000 | 00798nam a2200169 a 4500 | ||
|---|---|---|---|
| 008 | 100611s1983 ||||||||||||||||| || u | ||
| 050 | _aGOV.ZAM(08)PDSS/2 | ||
| 110 | _aMinistry of Agriculture and Water Development | ||
| 245 | 1 | 0 | _aZambia agricultural finance markets: appraisal of recent performance and prospects |
| 260 |
_aLusaka _bMinistry of Agriculture and water Development _c1983 |
||
| 300 | _axvi, 102p. | ||
| 350 | _a0.00 | ||
| 490 | _aPlanning Division special studies report | ||
| 650 | _aMINISTRY OF AGRICULTURE AND WATER DEVELOPMENT--PLANNING DIVISION--ZAMBIA | ||
| 710 | _aGovernment of the Republic of Zambia (GRZ) | ||
| 995 |
_D0.00 _FCBU-MAIN LIBRARY (Kitwe) _H1 _I0.00 _M1 _UAVAILABLE _WJun 11, 2010 _ZZambiana Collection |
||
| 999 |
_c62340 _d62340 |
||